Placemaking – nástroj na transformáciu verejných priestorov sídliska

Gespeichert in:
Bibliographische Detailangaben
1. Verfasser: Kasala, Viktor (Verfasst von)
Weitere Verfasser: Vitková, Ľubica (Betreuung Doktorarbeit)
Format: Manuskript Buch
Sprache:Slowakisch
Veröffentlicht: 2025
Schlagworte:
Online-Zugang:http://is.stuba.sk/zp/portal_zp.pl?podrobnosti=176840
Tags: Tag hinzufügen
Keine Tags, Fügen Sie das erste Tag hinzu!

MARC

LEADER 00000ntm a22000003a 4500
001 stuzp91388
003 SK-STU
005 20250118210312.1
007 ta
008 150427s2015----xo-----f-mn---000-0-slo-d
040 |a STU  |b slo 
041 0 |a slo 
100 1 |a Kasala, Viktor  |u 056160  |k Z3  |4 aut  |U FAD Fakulta architektúry a dizajnu  |T FAD Ústav urbanizmu a územného plánovania  |X 62076  |U A6160  |Y 397  |7 62076 
242 0 1 |a Placemaking - a Tool for the Transformation of Public Areas of the Housing Estate  |y eng 
245 1 0 |a Placemaking – nástroj na transformáciu verejných priestorov sídliska 
260 |c 2025 
650 4 |a Placemaking  |2 slo 
650 4 |a sídlisko  |2 slo 
650 4 |a Petržalské terasy  |2 slo 
650 4 |a Mass housing estates  |2 eng 
650 4 |a terraces in Petržalka  |2 eng 
650 4 |a Placemaking  |2 eng 
700 1 |a Vitková, Ľubica  |u 056160  |k Z1  |4 ths  |U FAD Fakulta architektúry a dizajnu  |T FAD Ústav urbanizmu a územného plánovania  |X 447  |U A6160  |Y 397  |7 A000000447 
856 4 |u http://is.stuba.sk/zp/portal_zp.pl?podrobnosti=176840 
996 |b 284AU10468  |c A* 13640/V  |l AAKNST  |s P  |a 0  |w stuzp91388_0001